=LDR 00000nam 2200000 4500 =001 INLIS000000000048941 =005 20170116154732.0 =006 =007 =008 =020 ##$$a 978-602-394-125-4 =035 ##$$0010-011700000000222 =040 ##$$a NBPDMAT =082 ##$$a 028.5 =084 ##$$a 028. 5 $b Lee k =100 ##$$a Lee Bong-Gi =245 ##$$a Keluarga super irit : $b tip irit mengasuk adik baru / $c Lee Bong-gi ;penerjemah Shani anggri betari ; penyunting aini nuraini syahara =260 ##$$a jakarta : $b Blp, $c 2015 =300 ##$$a 190 hlm.: $b ilus , ; $c 24 cm =650 ##$$a Bacaan Kanak-Kanak =700 ##$$a Shani Anggri Betari =700 ##$$a Ani Nuraini syahara